[Event "Lidums Checkmate Op"]
[Site "Adelaide"]
[Date "2007.07.07"]
[Round "3.5"]
[White "Scott, Ronald"]
[Black "Chapman, Mark"]
[Result "1/2-1/2"]
[Annotator "Fritz 10"]
[BlackElo "2444"]
[EventCountry "AUS"]
[EventDate "2007.07.07"]
[EventRounds "7"]
[EventType "swiss"]
[PlyCount "112"]
[WhiteElo "2172"]

{ C55: Two Knights: 4 d3, 4 d4 exd4 5 e5 and Max Lange Attack } 1. e4 e5 2. Nf3
Nc6 3. Bc4 Nf6 4. d3 Be7 5. Nbd2 O-O 6. O-O d6 7. c3 Na5 8. Bb5 ( 8. Re1 c6 9.
Bb3 b5 10. Bc2 { 1/2-1/2 Savic,M  ( 2163 ) -Drljevic,L  ( 2164 ) /Pancevo
2005/CBM 105 ext}  )8... c5 ( 8... c6 9. Ba4 b5 10. Bc2 c5 11. Re1 Nc6 12. Nf1
Re8 13. h3 Bf8 14. d4 cxd4 15. cxd4 h6 16. Ng3 Bd7 17. Be3 a5 18. d5 Nb4 19.
Bb1 Rc8 20. Qd2 Na6 21. Bc2 Nc5 22. Rac1 Qb6 23. Nh4 { Mariotti,S  ( 2500 )
-Tatai,S  ( 2480 ) /Rome 1980/MCD/1-0  ( 44 )}  )9. Re1 $146 ( 9. h3 Nd7 10.
Re1 Qc7 11. Ba4 Rb8 12. Bc2 b5 13. Nf1 Nb6 14. Ne3 Be6 15. a3 Nc6 16. Ng4 f5
17. exf5 Bxf5 18. d4 cxd4 19. cxd4 exd4 20. Bg5 Bxg4 21. hxg4 Ne5 22. Bxe7 Qxe7
23. Nxd4 Qh4 { Taulbut,S  ( 2375 ) -Alton  ( 2200 ) /Mexico 1980/MCD/1-0  ( 39
)}  )9... Qc7 10. Nf1 Be6 11. d4 ( 11. Ne3 h6 $14 )11... cxd4 12. cxd4 Bg4 (
12... Qb6 $5 13. Ba4 exd4 14. Nxd4 d5 15. Nxe6 fxe6 $11 )13. d5 { White has an
active position}  13... a6 { Black threatens to win material: a6xb5}  14. Bd3
b5 15. Ne3 Bxf3 $2 ( 15... Bd7 $5 $14 $142 { would keep Black alive} )16. Qxf3
$18 ( 16. gxf3 $6 Nh5 $16 )16... g6 17. Bd2 Rfc8 18. b4 Nb7 19. a4 Qb6 20. Qe2
Rab8 ( 20... Bf8 21. Nf1 $18 )21. Nc2 Nh5 22. axb5 axb5 23. g3 Qd8 24. Ne3 Nf6
25. f3 Qb6 ( 25... h5 26. Ng2 $18 )26. Kg2 Nd8 27. Ra5 Ra8 28. Rea1 Rxa5 29.
Rxa5 Qd4 ( 29... h5 30. Bxb5 h4 31. Nc4 $18 )30. Rxb5 Nd7 31. Nd1 Qa7 32. Ra5
Qb8 33. Ra6 f6 34. Ne3 Qb7 35. Nc2 ( 35. f4 { keeps an even firmer grip}  35...
Bf8 $18 )35... Nb8 ( 35... Ra8 36. Rxa8 Qxa8 37. f4 $18 )36. Ra5 Rc7 37. Na3
Qc8 38. Nb5 Rb7 39. Ra8 Kg7 40. Qe3 Nf7 41. Na7 Qc7 42. b5 f5 ( 42... Nd7 {
does not improve anything}  43. Rc8 Qb6 44. Nc6 Qxe3 45. Bxe3 $18 )43. Nc6 (
43. exf5 $5 { and White can already relax}  43... gxf5 44. Nc6 Bg5 $18 )43...
fxe4 44. fxe4 ( 44. Qxe4 $142 { it becomes clear that White will call all the
shots}  44... Bd8 45. h4 Nxc6 46. dxc6 $18 ( 46. bxc6 $6 Ra7 47. Rxa7 Qxa7 $18
))44... Bg5 45. Qf2 Bxd2 46. Qxd2 Nd7 47. Qa5 Nb6 $2 ( 47... Nc5 48. Qxc7 Rxc7
49. Bc2 $18 )48. Ra7 ( 48. Re8 $142 { makes it even easier for White}  48...
Qd7 49. Qa6 Qxe8 50. Qxb7 Nd7 $18 )48... Nd8 ( 48... Rxa7 49. Qxa7 Qxa7 50.
Nxa7 $18 )49. Rxb7 Nxb7 50. Qa7 Nc8 51. Qa8 ( 51. Nd8 Nxa7 52. Ne6+ Kf7 53.
Nxc7 Nc8 $18 )51... Nc5 $16 52. Bc2 Nd7 53. Qa6 Ndb6 ( 53... Ncb6 54. Qa7 Qxa7
55. Nxa7 $16 )54. Bd3 ( 54. Bd1 h5 $18 )54... h5 ( 54... Nd7 55. Qa5 Ncb6 56.
Kf3 $18 )55. Qa2 ( 55. Qa5 $5 Kg8 $18 )55... Nd7 56. Qf2 Nf6  1/2-1/2

[Event "Lidums Checkmate Op"]
[Site "Adelaide"]
[Date "2007.07.07"]
[Round "3.6"]
[White "Johansen, Darryl Keith"]
[Black "Srdic, Goran"]
[Result "1-0"]
[Annotator "Fritz 10"]
[BlackElo "2006"]
[EventCountry "AUS"]
[EventDate "2007.07.07"]
[EventRounds "7"]
[EventType "swiss"]
[PlyCount "67"]
[WhiteElo "2445"]

{ A17: English Opening: 1...Nf6 with ...Bb4 } 1. Nf3 Nf6 2. c4 e6 3. Nc3 Bb4 4.
g3 b6 5. Bg2 Bb7 6. O-O O-O 7. Qb3 Bxc3 ( 7... a5 8. d3 d5 9. cxd5 exd5 10. Bg5
Nbd7 11. a3 Be7 12. d4 Re8 13. Rfd1 c6 14. e3 h6 15. Bxf6 Nxf6 16. Rac1 Bd6 17.
Na4 Nd7 18. Bh3 Rb8 19. Rd2 Ba8 20. Qd1 Nf6 21. Rdc2 Ne4 22. Bg2 { Vakhidov,T 
( 2445 ) -Morawietz,D  ( 2420 ) /Germany 1995/GER/1-0  ( 70 )}  )8. Qxc3 d6 9.
b4 $146 ( 9. b3 Nbd7 ( 9... Qe7 10. Bb2 c5 11. d4 Nbd7 12. Rad1 Be4 13. dxc5
Nxc5 14. Qe3 e5 15. Bh3 a5 16. Nh4 Rfe8 17. f3 Bg6 18. Rd2 Rad8 19. Rfd1 Qc7
20. Nxg6 hxg6 21. Bg2 Nh5 22. Qc3 Nf6 23. e4 Nh5 24. Qe3 {
Smyslov,V-Reshevsky,S/Zuerich 1953/Candidates/1-0  ( 56 )}  )10. Bb2 Qe7 11. d4
a5 12. Rad1 Rae8 13. Rfe1 Qd8 14. d5 e5 15. Nh4 g6 16. f4 Nh5 17. e4 Nxf4 18.
gxf4 Qxh4 19. Rf1 f6 20. Bc1 Bc8 21. Rd3 Nc5 22. Rg3 Bg4 23. a3 a4 {
Pritchett,C  ( 2350 ) -Dietz,J  ( 2350 ) /Germany 1991/GER-chT2/1-0  ( 39 )} 
)9... a5 10. a3 axb4 11. axb4 Rxa1 12. Qxa1 Nbd7 13. d3 { Consolidates e4} 
13... Qe7 ( 13... c5 14. Qc3 $14 )14. Qa7 $16 { White threatens to win
material: Qa7xb7}  14... Rb8 15. Nd4 Bxg2 ( 15... d5 $5 $14 $142 { is an
interesting alternative} )16. Kxg2 $18 Qd8 ( 16... Rc8 $5 17. Nc6 Qf8 18. Qb7
$18 )17. Nc6 Ra8 18. Qb7 ( 18. Nxd8 $6 Rxa7 19. Nc6 Ra2 $14 )18... Qf8 19. Qxc7
Ra2 ( 19... Kh8 20. b5 $18 )20. e4 Ne5 ( 20... h6 21. h3 $18 )21. Ne7+ ( 21.
Nxe5 { keeps an even firmer grip}  21... dxe5 22. b5 Ra8 23. Qxb6 Rc8 $18
)21... Kh8 22. Qxd6 Ned7 ( 22... Ra8 { doesn't improve anything}  23. Qxe5 Qxe7
24. b5 $18 )23. Bg5 ( 23. Bf4 $5 { seems even better}  23... Qd8 $18 )23... Ra7
24. Bxf6 gxf6 25. c5 bxc5 26. bxc5 Ne5 ( 26... Kg7 27. c6 Qb8 28. Qxb8 Nxb8 29.
Rb1 Rxe7 30. Rxb8 $18 )27. d4 ( 27. f4 $5 $142 { makes it even easier for
White}  27... Rxe7 28. fxe5 Re8 $18 )27... Qxe7 ( 27... Rxe7 { does not help
much}  28. dxe5 fxe5 29. Qxe5+ f6 30. Qd6 $18 )28. dxe5 fxe5 ( 28... Kg7 {
cannot undo what has already been done}  29. c6 fxe5 30. Qxe5+ f6 31. Qb8 $18
)29. Qxe5+ f6 30. Qb8+ Kg7 31. c6 Qc7 32. Qxc7+ Rxc7 33. Rc1 Kf7 34. e5 $1 {
the end, the rest is history.}   1-0

[Event "Lidums Checkmate Op"]
[Site "Adelaide"]
[Date "2007.07.07"]
[Round "3.7"]
[White "Zaric, Srboljub"]
[Black "West, Guy"]
[Result "1/2-1/2"]
[Annotator "Fritz 10"]
[BlackElo "2291"]
[EventCountry "AUS"]
[EventDate "2007.07.07"]
[EventRounds "7"]
[EventType "swiss"]
[PlyCount "65"]
[WhiteElo "2144"]

{ B02: Alekhine's Defence: Chase Variation and lines with early Nc3 } 1. e4 d5
2. exd5 Nf6 3. Nc3 Nxd5 4. Bc4 Nb6 5. Be2 ( 5. Bb5+ c6 6. Be2 Bf5 7. Nf3 N8d7
8. d4 e6 9. O-O Bd6 10. Bd3 Bg4 11. h3 Bh5 12. Ne4 Bc7 13. Be2 Qe7 14. Nfd2 Bg6
15. Bf3 O-O 16. Nb3 e5 17. dxe5 Qxe5 18. Ng3 Rfe8 19. c3 Rad8 { Strathoff,J  (
1863 ) -Melmer,F  ( 1763 ) /Dortmund 2005/CBM 107 ext/1-0  ( 60 )}  )5... Nc6
6. Nf3 e5 ( 6... Bf5 7. O-O e6 8. d3 Be7 9. Bf4 g5 10. Bg3 h5 11. h3 g4 12.
hxg4 hxg4 13. Nh2 Bd6 14. Bxg4 Bxg3 15. fxg3 Qd4+ 16. Rf2 Bg6 17. Qe2 O-O-O 18.
Re1 Nd7 19. Bh3 Rdg8 20. Qe3 Qb4 21. Nd1 { Petitcunot,P  ( 2351 ) -Mirzoev,A  (
2513 ) /Bethune 2004/CBM 104 ext/0-1  ( 55 )}  )7. O-O { White castles and
improves king safety}  7... Bd6 $146 ( 7... Be7 8. Bb5 Bg4 9. h3 Bxf3 10. Qxf3
Qd6 11. Re1 O-O 12. Bxc6 bxc6 13. Qg3 Nd7 14. Ne4 Qe6 15. d3 f5 16. Nd2 Rf6 17.
Nb3 Bd6 18. f3 Rg6 19. Qf2 e4 20. Re2 Bg3 21. Qe3 Ne5 22. dxe4 { Korstin,M  (
2201 ) -Aranha Filho,A  ( 2236 ) /Yerevan 1999/CBM 072 ext/1-0  ( 56 )}  )8.
Re1 O-O 9. a4 a5 10. d3 { Prevents intrusion on c4}  10... Re8 { White has a
cramped position}  11. Be3 { Black has an active position}  11... Bf5 { Black
has a very active position}  12. Ne4 Nd5 13. Nxd6 Qxd6 { White has the pair of
bishops}  ( { Worse is } 13... Nxe3 14. Nxf7 Nxd1 15. Nxd8 Raxd8 16. Raxd1 $16
)14. Nh4 { White threatens to win material: Nh4xf5}  14... Bd7 15. Bg4 { Black
has a very active position}  15... Rad8 16. Bg5 f6 17. Bd2 Bxg4 18. Qxg4 Nd4 {
Black threatens to win material: Nd4xc2}  19. Rac1 b6 { Controls a5}  ( 19...
Qe6 20. Qh5 $15 )20. Nf5 ( 20. Nf3 $5 { is worth consideration}  20... Qe6 21.
Qh5 $11 )20... Qd7 $17 21. Nh6+ Kf8 22. Qxd7 Rxd7 23. Ng4 Kf7 24. Kf1 Red8 25.
Ne3 Nf4 26. Nc4 Nfe6 27. Bc3 Nc5 28. Bxd4 Rxd4 29. b3 { Covers a4}  29... e4 (
29... h5 30. Nd2 $15 )30. dxe4 $11 Nxe4 31. Re3 Nc5 32. Rce1 R8d7 33. Nb2 
1/2-1/2

[Event "Lidums Checkmate Op"]
[Site "Adelaide"]
[Date "2007.07.07"]
[Round "3.8"]
[White "Wright, Neil S"]
[Black "Lin, Zhigen Wilson"]
[Result "1-0"]
[Annotator "Fritz 10"]
[BlackElo "2097"]
[EventCountry "AUS"]
[EventDate "2007.07.07"]
[EventRounds "7"]
[EventType "swiss"]
[PlyCount "91"]
[WhiteElo "2141"]

{ D11: Slav Defence: 3 Nf3 sidelines and 3...Nf6 4 e3 Bg4 } 1. d4 d5 2. Nf3 Nf6
3. c4 c6 4. g3 Bf5 5. Bg2 e6 6. O-O h6 7. Nc3 Nbd7 8. Re1 ( 8. Ne5 Be7 9. cxd5
exd5 10. f3 Bh7 11. Bf4 Nh5 12. Be3 O-O 13. Qb3 Qc7 14. Rac1 Nhf6 15. Nxd5 Nxd5
16. Qxd5 Nxe5 17. dxe5 Rfd8 18. Qb3 Qxe5 19. f4 Qe6 20. Qxe6 { 1/2-1/2
Morozevich,A  ( 2721 ) -Gelfand,B  ( 2723 ) /Monte Carlo 2006/CBM 111 ext} 
)8... Bd6 $146 ( 8... Be7 9. Qb3 ( 9. Ne5 O-O 10. f3 ( 10. cxd5 exd5 11. Qb3
Qb6 12. Qxb6 axb6 13. e4 dxe4 14. Nxd7 Bxd7 15. Nxe4 Nxe4 16. Bxe4 Bf6 17. Be3
Be6 18. a3 Rfd8 19. Red1 Rd7 20. Bc2 b5 21. Rd2 Rad8 22. Rad1 Bg4 23. Re1 Kf8
24. Kg2 Bxd4 { Navarro Ortiz de Orruno,B  ( 2250 ) -Perez Candelario,M  ( 2511
) /Madrid 2006/CBM 112 ext/1/2-1/2  ( 67 )}  ) 10... Nxe5 11. dxe5 Nd7 12. cxd5
cxd5 13. f4 Qb6+ 14. Kh1 Rfd8 15. e4 dxe4 16. Qe2 Bb4 17. Be3 Qa5 18. Rec1 Nc5
19. Bxc5 Bxc5 20. Nxe4 Be7 21. a3 Rd4 22. Rd1 Rad8 23. Rxd4 Rxd4 {
Movchan,A-Shemeakin,A  ( 2360 ) /Mariupol 2003/CBM 095 ext/1/2-1/2  ( 55 )} 
)9... Qb6 10. c5 Qc7 11. Bf4 Qc8 12. h4 O-O 13. Qd1 Re8 14. b4 Nh5 15. Bd2 Bf8
16. e4 dxe4 17. Nh2 Nhf6 18. g4 Bh7 19. g5 hxg5 20. hxg5 Nd5 21. Nxe4 e5 22.
Qg4 Qc7 23. Ng3 { Grapsa,G  ( 2098 ) -Makka,E  ( 2032 ) /Athens 2006/CBM 113
ext/1/2-1/2  ( 40 )}  )9. Nh4 ( 9. Nd2 O-O $14 )9... Bh7 $11 10. e4 dxe4 11.
Nxe4 Nxe4 12. Bxe4 Bxe4 13. Rxe4 Nf6 { Black threatens to win material: Nf6xe4}
 14. Re1 O-O 15. Nf3 Re8 16. Bd2 Bf8 17. Bc3 Qd6 18. a4 Nd7 19. Qe2 a5 20. Rad1
Qc7 21. Qd2 Red8 22. Re2 Qb6 23. Qe1 ( 23. Re3 Bb4 $11 )23... Qc7 ( 23... Qb3
24. Nd2 Qxa4 25. b3 $15 )24. Red2 ( 24. Re4 b5 $11 )24... b6 ( 24... b5 25.
cxb5 cxb5 26. d5 exd5 27. axb5 $11 )25. Qe4 ( 25. Rd3 b5 26. b3 Rdb8 $11 )25...
Rac8 ( 25... b5 26. cxb5 cxb5 27. d5 exd5 28. Rxd5 $15 )26. Rd3 ( 26. Qh4 Bb4
$11 )26... Rb8 ( 26... b5 27. axb5 cxb5 28. cxb5 $11 )27. Qe1 Rbc8 28. c5 {
White has a new backward pawn: d4}  ( 28. Ne5 Nf6 $14 )28... Ra8 29. cxb6 Qxb6
( { Less advisable is } 29... Nxb6 30. Bxa5 Rd5 31. Bxb6 Qxb6 32. b3 $14 )30.
Nd2 Bb4 31. Nc4 { White threatens to win material: Nc4xb6}  31... Bxc3 ( 31...
Qa6 32. b3 Rab8 33. Bxb4 Rxb4 34. Qc3 $11 )32. Nxb6 ( { Inferior is } 32. bxc3
Qb3 33. Nd6 Qxa4 $17 )( 32. Qxc3 $6 Qa6 $11 )32... Bxe1 33. Nxa8 { White wins
the exchange}  33... Bb4 34. Nc7 Bd6 $2 ( 34... Nb8 $142 { is the best option
Black has}  35. Re3 Rc8 36. Nxe6 fxe6 37. Rxe6 Kf7 $11 )35. Na6 $18 Ra8 36. Nc5
$1 { the knockout punch}  36... Nxc5 $2 ( 36... Bxc5 37. dxc5 { Combination} 
)( 36... Nxc5 37. dxc5 { Combination}  )37. dxc5 Bxc5 ( 37... Be7 { a fruitless
try to alter the course of the game}  38. Rd7 Kf8 39. Rc1 $18 )38. Rd8+ Rxd8
39. Rxd8+ Kh7 40. Rc8 Bd4 41. b3 ( 41. Rxc6 $142 { secures the win}  41... Bxb2
42. Rc5 $18 )41... c5 $16 42. Kf1 Kg6 ( 42... h5 43. Rb8 Bc3 44. Ke2 $18 )43.
Ke2 f5 ( 43... e5 44. Rb8 Bc3 45. Kd3 $18 )44. f3 ( 44. Rb8 Bc3 $18 )44... e5 (
44... h5 45. Rb8 $18 )45. Rc6+ Kg5 ( 45... Kf7 46. g4 fxg4 47. fxg4 $18 )46.
Kd3  1-0

[Event "Lidums Checkmate Op"]
[Site "Adelaide"]
[Date "2007.07.07"]
[Round "3.9"]
[White "Zvedeniouk, Ilya"]
[Black "McColl, Kevin"]
[Result "1-0"]
[Annotator "Fritz 10"]
[BlackElo "1900"]
[EventCountry "AUS"]
[EventDate "2007.07.07"]
[EventRounds "7"]
[EventType "swiss"]
[PlyCount "69"]
[WhiteElo "2123"]

{ A43: Schmid Benoni } 1. e4 d6 2. d4 Nf6 3. Nc3 g6 4. f4 Bg7 5. Nf3 c5 6. d5
Qa5 ( 6... Na6 7. e5 dxe5 8. fxe5 Ng4 9. Bf4 g5 10. Bb5+ Kf8 11. Nxg5 Bxe5 12.
Bxe5 Nxe5 13. Qh5 f6 14. O-O Nc7 15. Rae1 Ng6 16. d6 Qxd6 17. Qh6+ Kg8 18. Bc4+
e6 19. Nb5 { 1-0 Genov,P  ( 2435 ) -Hogenacker,J  ( 2270 ) /Berlin 1993/TD} 
)7. Bd2 Qb4 8. Bd3 $146 { White has an active position}  ( 8. a3 Qb6 9. Bc4 O-O
10. O-O Bd7 11. Qe2 a6 12. Kh1 Bg4 13. Rab1 Qc7 14. a4 Nbd7 15. Qf2 Bxf3 16.
Qxf3 h5 17. b3 Ng4 18. h3 Ngf6 19. Be2 Rae8 20. Rbd1 e6 21. dxe6 Rxe6 22. f5
Ne5 { Bao Khoa  ( 2087 ) -Nguyen Xuan Quang/Cao Lanh Dong Thap 2006/CBM 111
ext/1-0  ( 59 )}  )( 8. Bb5+ $5 Bd7 9. a3 $16 )8... c4 $14 { Black threatens to
win material: c4xd3}  ( 8... Qxb2 $4 { the pawn of course cannot be captured} 
9. Rb1 Qa3 10. Nb5 $18 )9. Be2 Qc5 { Traps the king in the center}  10. h3 {
Controls g4}  ( 10. Qc1 Ng4 11. Rf1 f5 $14 )10... b5 11. a3 e6 ( 11... Nbd7 12.
Qc1 $14 )12. dxe6 ( 12. e5 dxe5 13. fxe5 Nxd5 14. Ne4 $14 )12... fxe6 $2 (
12... Bxe6 13. Qc1 Nh5 14. Be3 Bxc3+ 15. bxc3 $16 )13. Qc1 $4 { throwing away
the advantage}  ( 13. e5 dxe5 14. fxe5 Nbd7 15. exf6 Nxf6 $18 )13... a6 $2 (
13... Nh5 14. Be3 Bxc3+ 15. bxc3 $14 )14. Be3 $4 { White threatens to win
material: Be3xc5. not a good decision, because now the opponent is right back
in thegame}  ( 14. e5 $142 { White had this great chance}  14... dxe5 15. fxe5
$18 )14... Qc6 15. Nd4 Qb7 16. Bf3 e5 { Black threatens to win material: e5xd4}
 17. Nde2 O-O 18. O-O Nc6 19. Qd2 Kh8 ( 19... exf4 20. Nxf4 Ne5 21. Qxd6 Nxf3+
22. gxf3 $14 ( 22. Rxf3 $143 Nxe4 23. Qd5+ Qxd5 24. Ncxd5 Bxb2 25. Ne7+ Kg7 $17
))20. Nd5 ( 20. g4 exf4 21. Nxf4 g5 $16 )20... Be6 ( 20... exf4 21. Bxf4 Nxd5
22. exd5 $11 )21. Rad1 Bxd5 ( 21... Rad8 $5 $14)22. exd5 $16 Ne7 23. fxe5 dxe5
24. d6 Nc6 25. Nc3 Rad8 26. Ne4 Nd4 ( 26... Nxe4 $142 27. Bxe4 Rxf1+ 28. Rxf1
Qd7 $16 )27. Bxd4 $4 { White has let it slip away}  ( 27. Nxf6 $142 { a pity
that White didn't try this}  27... Nxf3+ 28. Rxf3 $18 )27... Nxe4 $11 28. Bxe4
Qxe4 $2 ( 28... Rxf1+ 29. Kxf1 Qxe4 30. Bc5 $11 )29. Bb6 $4 { White threatens
to win material: Bb6xd8. hands over the advantage to the opponent}  ( 29. Rxf8+
$142 { a shame that White overlooked this excellent chance}  29... Rxf8 30. Bc3
$18 )29... Rd7 $11 30. Rxf8+ Bxf8 31. Qf2 { White has a mate threat}  31... Qf5
( 31... Kg8 32. Qc5 Rf7 $16 )32. Qc5 $16 Kg8 $4 { another bit of territory
lost}  ( 32... Bh6 $16 $142)33. Rf1 $18 Qe6 ( 33... Rxd6 { does not solve
anything}  34. Rxf5 Rd1+ 35. Rf1 Bxc5+ 36. Bxc5 $18 )34. Qc8 Qxd6 35. Rxf8+ $1
$138 { Deflection: f8}  ( 35. Rxf8+ Qxf8 36. Qxd7 $18 ) 1-0

[Event "Lidums Checkmate Op"]
[Site "Adelaide"]
[Date "2007.07.07"]
[Round "3.10"]
[White "Rigo, Bernard"]
[Black "Nguyen, Giang"]
[Result "0-1"]
[Annotator "Fritz 10"]
[BlackElo "2097"]
[EventCountry "AUS"]
[EventDate "2007.07.07"]
[EventRounds "7"]
[EventType "swiss"]
[PlyCount "52"]
[WhiteElo "1827"]

{ B05: Alekhine's Defence: 4 Nf3 Bg4 } 1. e4 Nf6 2. e5 Nd5 3. d4 d6 4. Nf3 Bg4
5. Be2 e6 6. O-O Be7 7. c4 Nb6 8. Nc3 O-O 9. exd6 cxd6 10. h3 Bh5 11. b3 d5 12.
c5 N6d7 ( 12... Bxf3 13. Bxf3 Nc8 14. Bf4 Nc6 15. b4 Bf6 16. Be3 a6 17. Rb1
N8e7 18. a4 Nf5 19. Ne2 g6 20. b5 Nxe3 21. fxe3 Na5 22. Nf4 Nc4 23. Qc1 axb5
24. axb5 Ra2 25. Rf2 Qa5 26. Rxa2 Qxa2 27. Nxd5 { Balogh,E  ( 2157 ) -Kahn,E  (
2307 ) /Budapest 2005/CBM 107 ext/1-0  ( 75 )}  )13. b4 $146 ( 13. Bf4 Nc6 14.
b4 a6 15. Rb1 Bg6 16. Rb3 f6 17. Bg3 Bf7 18. Rb2 e5 19. dxe5 Ndxe5 20. Nd4 Qd7
21. a3 Rad8 22. Rd2 a5 23. Bb5 Qc8 24. Na4 Nxd4 25. Rxd4 axb4 26. axb4 Nc6 27.
Nb6 Qf5 { Haznedaroglu,K  ( 2370 ) -Antonov,O  ( 2123 ) /Izmir 2002/CBM 090
ext/1-0  ( 43 )}  )( 13. Be3 Bxf3 14. Bxf3 Bf6 15. Rc1 Nc6 16. Ne2 b6 17. cxb6
Qxb6 18. Qd2 Rfc8 19. Rc3 Ne7 20. g4 Rxc3 21. Nxc3 Nc6 22. Na4 Qb7 23. Rc1 g6
24. Be2 Be7 25. Nc5 Nxc5 26. dxc5 Rc8 27. f4 Bf6 28. Bf2 { Klovans,J  ( 2500 )
-Bieri,C/Geneve 1995/CBM 046 ext/1-0  ( 55 )}  )13... Bf6 { Black has a cramped
position}  14. g4 { White threatens to win material: g4xh5}  14... Bg6 15. Bf4
b6 ( 15... Nc6 16. b5 Nxd4 17. Nxd4 Nxc5 18. Be3 $11 )16. Nb5 { Black has a
cramped position}  ( 16. Rc1 $5 $16)16... Nc6 $11 17. Bd6 { White threatens to
win material: Bd6xf8}  17... Be7 18. Qd2 Be4 19. Rac1 ( 19. Bc7 Qc8 20. Bd6 Qd8
21. Bxe7 Qxe7 $15 )19... Bxd6 20. Nxd6 Bxf3 21. Bxf3 { Black has a cramped
position}  21... Qf6 ( 21... bxc5 22. dxc5 a5 23. Bxd5 exd5 24. b5 $17 )22.
cxb6 ( 22. Bh1 $5 $11 $142 { is worthy of consideration} )22... Nxd4 $17 (
22... Qxf3 $6 23. b7 Qxh3 24. bxa8=Q ( 24. bxa8=N Qxg4+ 25. Kh2 Nxd4 $19 )( 24.
bxa8=B Qxg4+ 25. Kh2 Nxd4 $19 )24... Qxg4+ 25. Kh2 Qh4+ 26. Kg2 Qg4+ 27. Kh2
Qh4+ 28. Kg2 Qg4+ 29. Kh2 $11 )23. Bg2 axb6 24. Rc3 $4 { solves nothing}  ( 24.
f4 $17 $142)24... Ne2+ $3 $19 { Deflection: e2}  25. Qxe2 Qxc3 26. Qb5 ( 26.
Rb1 { is not the saving move}  26... Qe5 27. Qxe5 Nxe5 $19 )26... Qc7 ( 26...
Qc7 27. Nf5 exf5 $19 ) 0-1

[Event "Lidums Checkmate Op"]
[Site "Adelaide"]
[Date "2007.07.07"]
[Round "3.11"]
[White "Amini, Amir"]
[Black "Ayris, Tony"]
[Result "0-1"]
[Annotator "Fritz 10"]
[BlackElo "2094"]
[EventCountry "AUS"]
[EventDate "2007.07.07"]
[EventRounds "7"]
[EventType "swiss"]
[PlyCount "70"]
[WhiteElo "1758"]

{ A65: Modern Benoni: 6 e4 } 1. d4 Nf6 2. c4 c5 3. d5 e6 4. Nc3 exd5 5. cxd5 d6
6. e4 g6 7. Bd3 Bg7 8. Nge2 O-O 9. O-O Re8 10. Bg5 h6 ( 10... a6 11. a4 Nbd7
12. Kh1 ( 12. h3 Qc7 13. b3 Ne5 14. f4 Nxd3 15. Qxd3 h6 16. Bh4 Qe7 17. Ng3 Qc7
18. Rae1 b5 19. Qf3 Nd7 20. Nge2 b4 21. Nb1 a5 22. Nd2 Ba6 23. Rc1 Nf6 24. Bxf6
Bxf6 25. Nc4 Qe7 26. Ng3 Bd4+ { Orlova,I-Lacina,F/Prague 2005/CBM 104 ext/1-0 
( 42 )}  )12... Qc7 13. Qd2 Rb8 14. Rac1 c4 15. Bc2 b5 16. f3 b4 17. Nd1 Nc5
18. Ne3 c3 19. bxc3 b3 20. Bd3 Nxa4 21. Nc4 Nb6 22. Na3 Nfd7 23. Rb1 Na4 24.
Rfc1 Ne5 25. Nd4 { Razuvaev,Y  ( 2515 ) -Psakhis,L  ( 2535 ) /Vilnius
1980/URS-ch/0-1}  )11. Bh4 g5 12. Bg3 Nh5 $146 ( 12... Ng4 13. h3 Ne5 14. f4
gxf4 15. Nxf4 Nbd7 16. Nh5 Nxd3 17. Nxg7 Kxg7 18. Qxd3 Ne5 19. Qe3 Bd7 20. Qf2
f6 21. Ne2 Bb5 22. Nf4 Bxf1 23. Rxf1 Qe7 24. Ne6+ Kh8 25. Bh4 Nd7 26. Qf4 Kg8
27. Rf3 { Soln,P  ( 2364 ) -Srebrnic,M  ( 2221 ) /Ljubjana 2004/CBM 101
ext/1-0}  )13. Qd2 a6 { White has an active position}  14. Rab1 b5 15. b4 c4 {
Black threatens to win material: c4xd3}  16. Bc2 Qb6 17. a4 Nd7 18. Rfd1 ( 18.
Ra1 $5 $14 { is noteworthy} )18... Ne5 $15 19. axb5 ( 19. Bxe5 Bxe5 20. h3 Bd7
$11 )19... axb5 20. Nd4 Nxg3 21. hxg3 Bd7 22. Kh1 $4 { causes further problems
for ?}  ( 22. Nde2 $17 $142)22... Nd3 $19 23. Bxd3 Qxd4 ( 23... Bxd4 $6 24.
Nxb5 Bxb5 25. Bxc4 $19 )24. Nxb5 ( 24. Bxc4 { doesn't get the bull off the ice}
 24... Qxd2 25. Rxd2 bxc4 $19 )24... Bxb5 ( 24... Qxd3 $6 { is impossible}  25.
Qxd3 cxd3 26. Nc7 $19 )25. Bc2 ( 25. Bf1 { does not win a prize}  25... Rxe4
26. Qxd4 Rxd4 $19 ( 26... Bxd4 $6 27. f3 $17 ))25... Qxd2 26. Rxd2 Ra1 ( 26...
Ra2 $5 $142 { and Black can already relax}  27. Rc1 Rxe4 28. f3 $19 )27. Rxa1
Bxa1 28. Rd1 Bc3 29. Rb1 ( 29. Rc1 { doesn't change the outcome of the game} 
29... Ra8 $19 )29... Ra8 30. Kg1 ( 30. Bd1 { is not much help}  30... Ra2 31.
f3 Be5 $19 )30... Ra2 31. Bd1 ( 31. Rc1 { doesn't do any good}  31... Bd2 32.
Bb1 Rb2 $19 )31... Bd4 32. Kh2 Bxf2 ( 32... Rxf2 $142 { might be the shorter
path}  33. Rc1 c3 34. Bf3 $19 )33. e5 ( 33. Rc1 { doesn't get the cat off the
tree}  33... Ra3 34. Bf3 c3 $19 )33... dxe5 34. Bg4 c3 35. d6 ( 35. Rc1 { is no
salvation}  35... Bd4 $19 )35... c2 ( 35... c2 36. Rc1 Bd3 $19 ) 0-1